000 00723nam a2200241Ia 4500
008 180620s9999 xx 000 0 und d
020 _a0-517-70332-7
050 _aREF TX 879
050 _b.O37 1997
100 _aOhrbach, Barbara Milo.
245 0 _aTabletops :
245 0 _beasy, practical, beautiful ways to decorate the table /
245 0 _cBarbara Milo Ohrbach; photographs by John Hall.
260 _aNew York :
260 _bClarkson Potter/Publishers,
260 _c1997
300 _a136 pages :
300 _bcolored illustrations ;
300 _c26 cm.
500 _aIncludes index.
650 _aTable setting and decoration.
650 _xTable setting and decoration -- Pictorial works.
999 _c358055
_d358055